000 00522nam a2200169Ia 4500
999 _c35387
_d35387
003 OSt
005 20201214102403.0
008 190216s9999||||xx |||||||||||||| ||und||
040 _coclc
082 _a580
_bSAT/T
100 _aSatake, Yoshisuke
_97419
245 4 _aThe Children`s Treasury Of Knowledge :
_bPlants /
_cYoshisuke Satake
260 _bTime Life Books,
_c1979.
_aSingapore:
300 _a111p
650 _aChildren`S Treasury Of Knowledge
942 _cREF
_2ddc
_h580
_iSAT/T
_k580
_mSAT/T